000 00320nam a22001457a 4500
008 210312b ||||| |||| 00| 0 eng d
020 _a9780536674760
041 _aeng
080 _a902
082 _a902
100 _a45
101 _aARKEO
245 _aGenes,Ecology & Evolution
_cPatterson,O.C
942 _2udc
_cBK
999 _c56487
_d56487